Why French Children : DON'T TALK BACK

Bibliographic Details
Main Author: Crawford, Catherine (Author)
Other Authors: Noor Ashikin Mohamad Yusuf (Editor), Norliza Abu Bakar (Translator), Nur Hafidhah (Editor)
Format: Book
Published: Batu Caves, Selangor : PTS Publishing House Sdn. Bhd. 2023
Edition:EDISI BAHASA MELAYU
Subjects:

MARC

LEADER 00000cam a2200000 7i4500
001 0000313198
005 20250305161418.0
006 a ###g ### 000
007 t
008 240530t2023 my # g #0000 may d
020 |a 9786297564579 
040 |a MBPJ   |b eng   |c MBPJ   |e rda 
090 0 0 |a 649.1   |b CRA 
100 1 |a Crawford, Catherine ,   |e author 
245 1 0 |a Why French Children :   |b DON'T TALK BACK   |c Catherine Crawford 
250 |a EDISI BAHASA MELAYU 
264 1 |a Batu Caves, Selangor :   |b PTS Publishing House Sdn. Bhd.   |c 2023 
300 |a iv, 220 pages ;   |c 23 cm. 
336 |a text  |2 rdacontent 
337 |a unmediated  |2 rdamedia 
338 |a volume  |2 rdacarrier 
650 0 |a Child rearing 
650 0 |a Parenting 
650 0 |a Parenting and child 
700 0 |a Noor Ashikin Mohamad Yusuf ,   |e editor 
700 0 |a Norliza Abu Bakar ,   |e translator 
700 0 |a Nur Hafidhah ,   |e editor 
999 |a 00408288   |b BUKU   |c PINJAMAN   |e PERPUSTAKAAN KOMUNITI CAW KOTA DAMANSARA 
999 |a 00418539   |b BUKU   |c PINJAMAN   |e PERPUSTAKAAN KOMUNITI CAW KOTA DAMANSARA 
999 |a 00418540   |b BUKU   |c PINJAMAN   |e PERPUSTAKAAN KOMUNITI CAW TAMAN MEDAN